00456nam a2200181Ia 4500003000400000005001700004008004100021020002200062040000700084041000800091082002300099100002700122245004200149260003700191300001900228365001300247650001400260OSt20230317114720.0210423s2015 xx 000 0 und d a978-0-143-06209-7 cAL aeng a922.945 223bBADS aBADRINATH (Chaturvedi) aSwami Vivekananda: the living vedanta aHaryanabPenguin Books Ltdc2015 axxviii,452bPB b399cINR aBiography